Revista hispano-americana (Record no. 1896)

MARC details
000 -LEADER
campo de control de longitud fija 01137nas a22003251i 4500
001 - NÚMERO DE CONTROL
campo de control 1896
003 - IDENTIFICADOR DE NÚMERO DE CONTROL
campo de control ES-MaACL
005 - FECHA Y HORA DE LA ÚLTIMA TRANSACCIÓN
campo de control 20251009160954.0
007 - CAMPO FIJO DE DESCRIPCIÓN FÍSICA--INFORMACIÓN GENERAL
campo de control de longitud fija t|
008 - DATOS DE LONGITUD FIJA--INFORMACIÓN GENERAL
campo de control de longitud fija 950801d18641867sp s|yp | ||pa d
022 ## - NÚMERO INTERNACIONAL NORMALIZADO PARA PUBLICACIONES SERIADAS
Número Internacional Normalizado para Publicaciones Seriadas 2171-0252
080 ## - NÚMERO DE LA CLASIFICACIÓN DECIMAL UNIVERSAL
Número de la Clasificación Decimal Universal 460
080 ## - NÚMERO DE LA CLASIFICACIÓN DECIMAL UNIVERSAL
Número de la Clasificación Decimal Universal (051)
245 00 - MENCIÓN DEL TÍTULO
Título Revista hispano-americana
Resto del título : política, científica y literaria /
Mención de responsabilidad, etc. [dir. Antonio Angulo Heredia].
246 3# - FORMA VARIANTE DEL TITULO
Título propio/Titulo breve Revista hispano-americana (Madrid. 1864)
260 ## - PUBLICACIÓN, DISTRIBUCIÓN, ETC.
Lugar de publicación, distribución, etc. [Madrid] :
Nombre del editor, distribuidor, etc. Revista Hispano-Americana,
Fecha de publicación, distribución, etc. 1864-1867 (
Fabricante Imp. de Galiano)
300 ## - DESCRIPCIÓN FÍSICA
Extensión v. ;
Dimensiones 23 y 32 cm.
310 ## - PERIODICIDAD ACTUAL
Periodicidad actual Quincenal
321 ## - PERIODICIDAD ANTERIOR
Periodicidad anterior Mensual,
Fechas de la periodicidad anterior 1864
321 ## - PERIODICIDAD ANTERIOR
Periodicidad anterior Semanal,
Fechas de la periodicidad anterior 1865
362 1# - FECHAS DE PUBLICACIÓN Y/O DESIGNACIÓN SECUENCIAL
Fecha de publicación y/o designación secuencial Año 1, t. I (nov. 1864)-30 mayo 1867.
530 ## - NOTA DISPONIBLE DE FORMULARIO FÍSICO ADICIONAL
Nota de formato físico adicional disponible Disponible en formato digital.
650 14 - PUNTO DE ACCESO ADICIONAL DE MATERIA--TÉRMINO DE MATERIA
Término de materia o nombre geográfico como elemento de entrada Revistas de información general.
9 (RLIN) 16896
700 1# - ENTRADA AGREGADA--NOMBRE PERSONAL
Nombre de persona Angulo y Heredia, Antonio,
Fechas asociadas al nombre 1837-1875
9 (RLIN) 21794
785 00 - ENTRADA/ENLACE A UN TÍTULO POSTERIOR
Título El Imparcial, Revista hispano-americana
Número Internacional Normalizado para Publicaciones Seriadas 2171-0260
852 ## - LOCALIZACIÓN
Ubicación ES-MaACL
Número de control de estantería G-5612-17
856 ## - LOCALIZACIÓN Y ACCESO ELECTRÓNICOS
Identificador Uniforme de Recursos <a href="http://hemerotecadigital.bne.es/details.vm?o=&w=2171-0252&f=issn&l=500">http://hemerotecadigital.bne.es/details.vm?o=&w=2171-0252&f=issn&l=500</a>
Nota pública Hemeroteca Digital
866 #0 - MENCIÓN TEXTUAL DE FONDOS--UNIDAD BIBLIOGRÁFICA BÁSICA
Fondos 1864-66(1867).
Holdings
Estatus retirado Estado de pérdida Estado de daño No para préstamo Colección Biblioteca de origen Biblioteca actual Ubicación en estantería Fecha de adquisición Fuente de adquisición Total de préstamos Signatura topográfica completa Código de barras Visto por última vez Precio de reemplazo Tipo de ítem Koha
        Colección digital Biblioteca del Ateneo de Madrid Biblioteca del Ateneo de Madrid Depósito 2 17/01/2008     G-5612-17 1001935 23/02/2023 23/02/2023 Revista